[Event "4NCL Division 3"]
[Site "Daventry Court ENG"]
[Date "2014.05.05"]
[Round "11.11"]
[White "Compton, Alistair"]
[Black "Jimenez, Alfonso"]
[Result "1-0"]
[WhiteElo "2080"]
[BlackElo "1824"]
[PlyCount "89"]
[EventDate "2014.05.05"]
[WhiteTeam "The Rookies"]
[BlackTeam "e2e4.org.uk 5"]

1. e4 c5 2. c3 d6 3. d4 cxd4 4. cxd4 Nf6 5. Nc3 Nc6 6. Nf3 e6 7. Be2 Be7 8. O-O
O-O 9. Bf4 Nh5 10. Be3 Nf6 11. h3 b6 12. d5 exd5 13. exd5 Nb4 14. a3 Na6 15.
Nd4 Nc7 16. Bf3 Bb7 17. Qb3 Nd7 18. Rfd1 Ne5 19. Be2 Bf6 20. Rac1 Na6 21. Nc6
Qd7 22. Ne4 Bh4 23. Bb5 Nf3+ 24. gxf3 Qxh3 25. Bf4 Nc5 26. Nxc5 dxc5 27. Bf1
Qf5 28. Bg3 Bf6 29. Kg2 Bc8 30. Kg1 Re8 31. Bg2 h5 32. Qc2 Qg5 33. Qd2 Qg6 34.
Rc4 b5 35. Re4 Rxe4 36. fxe4 h4 37. e5 Bg5 38. f4 Bd8 39. Nxd8 Qxg3 40. Qf2 Qb3
41. Bf3 Bf5 42. Nc6 Be4 43. Rf1 Bxf3 44. Qxf3 Qxb2 45. d6 1-0

[Event "4NCL Division 3"]
[Site "Daventry Court ENG"]
[Date "2014.05.05"]
[Round "11.13"]
[White "Jaszkiwskyj, Peter"]
[Black "Kirby, Paul"]
[Result "1/2-1/2"]
[WhiteElo "1957"]
[BlackElo "1816"]
[PlyCount "58"]
[EventDate "2014.05.05"]
[WhiteTeam "The Rookies"]
[BlackTeam "e2e4.org.uk 5"]

1. d4 Nf6 2. Nf3 d5 3. Bf4 e6 4. e3 c5 5. c3 Nc6 6. h3 Be7 7. Nbd2 Qb6 8. Qc2
Bd7 9. Rc1 Rc8 10. Be2 O-O 11. O-O Rfd8 12. Ne5 cxd4 13. Nxc6 bxc6 14. exd4 c5
15. Be3 Bb5 16. Nf3 Bxe2 17. Qxe2 Ne4 18. Rfe1 Rb8 19. Rc2 Qb5 20. Qxb5 Rxb5
21. Ne5 Rc8 22. f3 Ng3 23. Bf2 Nh5 24. b3 cxd4 25. Bxd4 Bc5 26. Rec1 Ba3 27.
Rd1 Bc5 28. Rdc1 Ba3 29. Rd1 Bc5 1/2-1/2

[Event "4NCL Division 3"]
[Site "Daventry Court ENG"]
[Date "2014.05.05"]
[Round "11.19"]
[White "Truran, Michael C"]
[Black "Gallagher, Daniel GH"]
[Result "1-0"]
[WhiteElo "2188"]
[BlackElo "1850"]
[PlyCount "91"]
[EventDate "2014.05.05"]
[WhiteTeam "Witney"]
[BlackTeam "Sandhurst Scorpions"]

1. d4 d6 2. Nf3 g6 3. c4 Bg7 4. Nc3 Nf6 5. Bf4 O-O 6. e3 c5 7. d5 Qb6 8. Qc2
Na6 9. Be2 Re8 10. O-O Nh5 11. Bg5 h6 12. Bh4 g5 13. Nd2 Nf6 14. Bg3 e6 15. e4
Nh7 16. Rad1 f5 17. f4 e5 18. fxg5 f4 19. gxh6 fxg3 20. hxg7 gxh2+ 21. Kh1 Qd8
22. Bh5 Re7 23. Bg6 Rxg7 24. Bxh7+ Kxh7 25. Nf3 Bg4 26. Rd2 Qe7 27. Rdf2 Rag8
28. Nd1 Nb4 29. Qb3 Rg6 30. a3 Na6 31. Ne3 R8g7 32. Nxg4 Rxg4 33. Nxh2 Rh4 34.
Qf3 Qg5 35. b3 Rf4 36. Qh3+ Rh4 37. Qf5+ Qxf5 38. exf5 Kg8 39. Kg1 Rgh7 40. g4
Rh3 41. g5 Rxb3 42. g6 Rg7 43. Rg2 Kf8 44. f6 Rg8 45. Nf3 Nc7 46. g7+ 1-0

[Event "4NCL Division 3"]
[Site "Daventry Court ENG"]
[Date "2014.05.05"]
[Round "11.20"]
[White "Golding, Alex"]
[Black "Asenov, Pavel"]
[Result "0-1"]
[WhiteElo "1702"]
[BlackElo "1877"]
[PlyCount "88"]
[EventDate "2014.05.05"]
[WhiteTeam "Sandhurst Scorpions"]
[BlackTeam "Witney"]

1. e4 c5 2. Nf3 d6 3. d4 cxd4 4. Nxd4 Nf6 5. Nc3 a6 6. Be3 Ng4 7. Bg5 h6 8. Bh4
g5 9. Bg3 Bg7 10. Be2 h5 11. h4 gxh4 12. Bxh4 Nc6 13. Nb3 Be6 14. Qd2 b5 15. f3
Nge5 16. O-O Nc4 17. Bxc4 bxc4 18. Nc1 Qa5 19. N1e2 Bh6 20. Nf4 Rg8 21. Rf2 Qe5
22. Nce2 Qxb2 23. Qd1 Qe5 24. Nxe6 Qxe6 25. Nd4 Nxd4 26. Qxd4 Bg7 27. Qb6 d5
28. Qb7 Rd8 29. exd5 Qd7 30. Qxd7+ Rxd7 31. Rd1 e6 32. Re2 Kf8 33. d6 Bc3 34.
Re4 Bb4 35. Be7+ Kg7 36. Rxc4 Ba5 37. Rc6 Ra8 38. c4 f6 39. c5 Kf7 40. f4 Rb7
41. Rd4 Rb2 42. Ra4 Rg8 43. Rxa5 Rgxg2+ 44. Kf1 Rgc2 0-1

[Event "4NCL Division 3"]
[Site "Daventry Court ENG"]
[Date "2014.05.05"]
[Round "11.22"]
[White "Samadov, Samir"]
[Black "Holton, Jake"]
[Result "0-1"]
[WhiteElo "1624"]
[BlackElo "1510"]
[PlyCount "100"]
[EventDate "2014.05.05"]
[WhiteTeam "Sandhurst Scorpions"]
[BlackTeam "Witney"]

1. e4 g6 2. d4 Bg7 3. f4 d6 4. Nf3 c5 5. dxc5 Qa5+ 6. c3 Qxc5 7. Qd5 Qxd5 8.
exd5 Nf6 9. Bc4 Nbd7 10. Be3 Nb6 11. Bxb6 axb6 12. Nd4 Bd7 13. b4 Ne4 14. Bd3
Nxc3 15. Nxc3 Bxd4 16. Kd2 O-O 17. Rab1 Rfc8 18. Rhc1 Bxc3+ 19. Rxc3 Rxa2+ 20.
Bc2 Rxc2+ 21. Rxc2 Rxc2+ 22. Kxc2 Bf5+ 23. Kb2 Bxb1 24. Kxb1 Kg7 25. Kc2 Kf6
26. Kd3 b5 27. Ke4 h5 28. h3 h4 29. Kf3 Kf5 30. g4+ hxg3 31. Kxg3 Ke4 32. Kg4
Kxd5 33. f5 Ke5 34. Kg5 d5 35. fxg6 fxg6 36. h4 d4 37. Kxg6 d3 38. h5 d2 39. h6
d1=Q 40. h7 Qh1 41. Kg7 Qxh7+ 42. Kxh7 Kd4 43. Kg6 e6 44. Kg5 e5 45. Kg4 e4 46.
Kg3 Kd3 47. Kg2 Kd2 48. Kf1 e3 49. Kg1 e2 50. Kh2 e1=Q 0-1

[Event "4NCL Division 3"]
[Site "Daventry Court ENG"]
[Date "2014.05.05"]
[Round "11.29"]
[White "Dean, Robert A"]
[Black "Dydak, Mateusz"]
[Result "1-0"]
[WhiteElo "1835"]
[BlackElo "1923"]
[PlyCount "111"]
[EventDate "2014.05.05"]
[WhiteTeam "Bradford DCA Knights C"]
[BlackTeam "West is Best 2"]

1. e4 e6 2. d4 d5 3. Nd2 dxe4 4. Nxe4 Nd7 5. Nf3 Ngf6 6. Bd3 Nxe4 7. Bxe4 Nf6
8. Bd3 c5 9. c3 Bd7 10. O-O cxd4 11. Nxd4 Be7 12. Re1 O-O 13. Bf4 Qb6 14. Qd2
Rfe8 15. Rac1 Rad8 16. Bb1 Nd5 17. Qc2 g6 18. Bh6 Bf6 19. Nf3 Ne7 20. Ne5 Nf5
21. Bf4 Bc6 22. Qe2 Bb5 23. Qg4 Bg7 24. Qh3 a5 25. Nf3 f6 26. Bxf5 exf5 27. Qg3
Rd3 28. Bc7 Qa6 29. Rxe8+ Bxe8 30. Re1 Bf7 31. h4 Bxa2 32. Ra1 Bd5 33. Rxa5 Qe6
34. Ra8+ Kf7 35. Ne5+ fxe5 36. Qxd3 e4 37. Qb5 Bc6 38. Qb4 Qd5 39. Rd8 Qe6 40.
Qd6 Qa2 41. Qd2 Bf6 42. Rb8 Kg7 43. Qd6 Qf7 44. Bd8 Bxd8 45. Qxd8 Kh6 46. Qf8+
Qxf8 47. Rxf8 Kh5 48. g3 h6 49. c4 Kg4 50. Rf6 g5 51. Rxh6 gxh4 52. Rxh4+ Kg5
53. b4 b5 54. c5 Bd5 55. Rh8 Kf6 56. Rb8 1-0

[Event "4NCL Division 3"]
[Site "Daventry Court ENG"]
[Date "2014.05.05"]
[Round "11.30"]
[White "Carpenter, Dai"]
[Black "Patrick, David A"]
[Result "0-1"]
[WhiteElo "1983"]
[BlackElo "1870"]
[PlyCount "60"]
[EventDate "2014.05.05"]
[WhiteTeam "West is Best 2"]
[BlackTeam "Bradford DCA Knights C"]

1. Nf3 d5 2. g3 Nf6 3. Bg2 c6 4. O-O g6 5. d3 Bg7 6. Nbd2 O-O 7. e4 e6 8. Re1
Na6 9. e5 Nd7 10. Nf1 Qc7 11. Bf4 c5 12. h4 Nb4 13. c3 Nc6 14. Qe2 b6 15. g4
Bb7 16. g5 Rad8 17. Bh3 Rfe8 18. Bg3 b5 19. N1h2 d4 20. Ng4 dxc3 21. bxc3 Qa5
22. Qd2 b4 23. c4 Ne7 24. Qf4 Nf5 25. Nd2 Qa3 26. Ne4 Bxe4 27. dxe4 Nd4 28. Bg2
Nc2 29. Red1 Nxa1 30. Rxa1 b3 0-1

[Event "4NCL Division 3"]
[Site "Daventry Court ENG"]
[Date "2014.05.05"]
[Round "11.31"]
[White "Grobler, David J"]
[Black "Woolcock, Craig"]
[Result "0-1"]
[WhiteElo "1664"]
[BlackElo "1876"]
[PlyCount "106"]
[EventDate "2014.05.05"]
[WhiteTeam "Bradford DCA Knights C"]
[BlackTeam "West is Best 2"]

1. e4 e6 2. d4 d5 3. e5 c5 4. c3 Nc6 5. Nf3 Qb6 6. a3 c4 7. g3 f6 8. exf6 Nxf6
9. Bh3 Bd6 10. O-O O-O 11. Re1 Ne4 12. Nbd2 e5 13. Bxc8 Raxc8 14. Nxe4 dxe4 15.
Rxe4 exd4 16. cxd4 Rc7 17. Qe2 Rcf7 18. Qxc4 Kh8 19. Nh4 Na5 20. Qd3 Nb3 21.
Rb1 Nxc1 22. Rxc1 Qxb2 23. Qc2 Bxa3 24. Qxb2 Bxb2 25. Rc2 Ba3 26. f4 a5 27. Nf3
b5 28. Re5 Rb7 29. d5 b4 30. Ra2 Kg8 31. Nd2 Ra8 32. Nc4 Bc1 33. Rc2 Ba3 34.
Nxa3 bxa3 35. Ra2 Rb1+ 36. Kf2 Rb2+ 37. Re2 Rb3 38. Re3 Rb2+ 39. Re2 Rxe2+ 40.
Kxe2 Rd8 41. Rxa3 Rxd5 42. h4 h5 43. Rb3 Kf7 44. Rb6 Rc5 45. Ra6 Rc2+ 46. Kf3
Rc3+ 47. Kf2 Ra3 48. Kg2 g6 49. Kf2 a4 50. Kg2 Ra1 51. Kf2 a3 52. Kg2 a2 53.
Kf2 Rh1 0-1

[Event "4NCL Division 3"]
[Site "Daventry Court ENG"]
[Date "2014.05.05"]
[Round "11.33"]
[White "Mahoney, Nicholas"]
[Black "Parry, Matthew"]
[Result "0-1"]
[WhiteElo "1772"]
[BlackElo "1720"]
[PlyCount "80"]
[EventDate "2014.05.05"]
[WhiteTeam "Bradford DCA Knights C"]
[BlackTeam "West is Best 2"]

1. e4 Nf6 2. e5 Nd5 3. d4 d6 4. Nf3 Bg4 5. Be2 e6 6. O-O Be7 7. Nbd2 Nf4 8. Bc4
d5 9. Bb3 Nc6 10. c3 Bg5 11. Bc2 Ne7 12. Kh1 Neg6 13. Qe1 h5 14. Rg1 h4 15.
Nxg5 Qxg5 16. Nf3 Qh5 17. Bxg6 Nxg6 18. Ng5 h3 19. Nxh3 Bxh3 20. gxh3 Qf3+ 21.
Rg2 Nh4 22. Qf1 Nxg2 23. Qxg2 Qd1+ 24. Qg1 Qxg1+ 25. Kxg1 Rxh3 26. Bf4 Ke7 27.
Bg3 c6 28. Kg2 Rh5 29. Re1 f6 30. f4 fxe5 31. fxe5 Rf5 32. b4 Raf8 33. Re3 Rf1
34. Be1 R1f5 35. a4 g5 36. a5 g4 37. Bg3 Rf3 38. Rxf3 Rxf3 39. Be1 Kf7 40. Bd2
Kg6 0-1

[Event "4NCL Division 3"]
[Site "Daventry Court ENG"]
[Date "2014.05.05"]
[Round "11.41"]
[White "Jina, Taran"]
[Black "Rumsey, Victor B"]
[Result "1/2-1/2"]
[WhiteElo "1724"]
[BlackElo "1856"]
[PlyCount "43"]
[EventDate "2014.05.05"]
[WhiteTeam "Midland Monarchs"]
[BlackTeam "Celtic Tigers 2"]

1. e4 e5 2. Nf3 Nc6 3. Bc4 Bc5 4. c3 Nf6 5. d3 O-O 6. Bb3 d6 7. Nbd2 Bb6 8. h3
Ne7 9. Nf1 Ng6 10. Ng3 d5 11. Bg5 c6 12. exd5 cxd5 13. Nh5 Bc5 14. Bxf6 gxf6
15. Bxd5 Be6 16. Bxe6 fxe6 17. Qe2 Qd5 18. Qe4 Rad8 19. Qxd5 Rxd5 20. Ke2 e4
21. Nxf6+ Rxf6 22. dxe4 1/2-1/2

[Event "4NCL Division 3"]
[Site "Daventry Court ENG"]
[Date "2014.05.05"]
[Round "11.43"]
[White "Jina, Asha"]
[Black "Kitchen, Peter J"]
[Result "0-1"]
[WhiteElo "1528"]
[BlackElo "1705"]
[PlyCount "96"]
[EventDate "2014.05.05"]
[WhiteTeam "Midland Monarchs"]
[BlackTeam "Celtic Tigers 2"]

1. e4 e6 2. d4 d5 3. Nc3 Nc6 4. e5 f6 5. Nf3 Bd7 6. Bb5 Qe7 7. Be3 Qf7 8. Qd2
Nge7 9. h3 Ng6 10. O-O fxe5 11. Bxc6 Bxc6 12. dxe5 O-O-O 13. Ng5 Qe8 14. f4 d4
15. Bxd4 Bc5 16. Ne2 Bb5 17. c3 Bxe2 18. Qxe2 Bxd4+ 19. cxd4 h6 20. Nf3 Nxf4
21. Qe3 g5 22. Rac1 Qb5 23. Rc2 Nd5 24. Qa3 Rhf8 25. Rfc1 Kb8 26. Rc5 Qe2 27.
R5c2 Qe4 28. Qb3 g4 29. hxg4 Qxg4 30. Rf2 h5 31. Rcf1 h4 32. Nh2 Qxd4 33. Qc2
Ne3 34. Qd2 Rxf2 35. Qxf2 Nxf1 36. Qxd4 Rxd4 37. Nxf1 Re4 38. Nd2 Rxe5 39. Nf3
Re4 40. Kh2 Kc8 41. Kh3 Kd7 42. Nxh4 Re2 43. g4 Ke7 44. g5 Rxb2 45. a4 Ra2 46.
g6 Kf6 47. Kg4 Rxa4+ 48. Kh5 Rxh4+ 0-1

[Event "4NCL Division 3"]
[Site "Daventry Court ENG"]
[Date "2014.05.05"]
[Round "11.49"]
[White "Payne, Matthew J"]
[Black "Kendall, Paul SN"]
[Result "1-0"]
[WhiteElo "1940"]
[BlackElo "2038"]
[PlyCount "39"]
[EventDate "2014.05.05"]
[WhiteTeam "Sussex Smart Survivors 2"]
[BlackTeam "North East England 2"]

1. e4 c5 2. Nc3 Nc6 3. Bb5 Nd4 4. Bc4 g6 5. Nf3 Bg7 6. Nxd4 cxd4 7. Qf3 e6 8.
Nb5 d6 9. Qa3 Be5 10. O-O Qb6 11. f4 d3+ 12. Kh1 Bd7 13. fxe5 Bxb5 14. exd6 Nh6
15. Qxd3 Bxc4 16. d7+ Ke7 17. Qxc4 Ng4 18. d4 Qd6 19. Bf4 Qxd7 20. h3 1-0

[Event "4NCL Division 3"]
[Site "Daventry Court ENG"]
[Date "2014.05.05"]
[Round "11.50"]
[White "Solomon, Norman"]
[Black "Twigge-Molecey, Billy"]
[Result "1/2-1/2"]
[WhiteElo "2108"]
[BlackElo "1821"]
[PlyCount "39"]
[EventDate "2014.05.05"]
[WhiteTeam "North East England 2"]
[BlackTeam "Sussex Smart Survivors 2"]

1. Nf3 d5 2. d4 e6 3. c4 c6 4. e3 Nf6 5. Nc3 Be7 6. b3 O-O 7. Bd3 Nbd7 8. O-O
b6 9. cxd5 Nxd5 10. Nxd5 cxd5 11. Bb2 Bb7 12. Rc1 Rc8 13. Qe2 Nf6 14. Ba6 Rxc1
15. Rxc1 Qb8 16. Bxb7 Qxb7 17. Qc2 Bd6 18. Qc6 Qxc6 19. Rxc6 Rd8 20. Nd2
1/2-1/2

[Event "4NCL Division 3"]
[Site "Daventry Court ENG"]
[Date "2014.05.05"]
[Round "11.51"]
[White "Brewer, Callum D"]
[Black "Reynolds, Mark A"]
[Result "1/2-1/2"]
[WhiteElo "1803"]
[BlackElo "1976"]
[PlyCount "51"]
[EventDate "2014.05.05"]
[WhiteTeam "Sussex Smart Survivors 2"]
[BlackTeam "North East England 2"]

1. e4 e6 2. d4 d5 3. e5 c5 4. c3 Nc6 5. Nf3 Bd7 6. Be2 Qb6 7. O-O Nh6 8. Bxh6
gxh6 9. Na3 cxd4 10. cxd4 a6 11. Nc2 Nb4 12. Ne3 Bb5 13. a3 Bxe2 14. Qxe2 Nc6
15. Rfd1 Bg7 16. Rac1 O-O 17. Qd2 Qd8 18. b4 f6 19. exf6 Rxf6 20. Ng4 Rg6 21.
Nge5 Nxe5 22. Nxe5 Bxe5 23. dxe5 Qe7 24. f4 Rf8 25. Rf1 Kh8 26. Rf2 1/2-1/2

[Event "4NCL Division 3"]
[Site "Daventry Court ENG"]
[Date "2014.05.05"]
[Round "11.52"]
[White "Plater, Ron"]
[Black "Graham, William M"]
[Result "0-1"]
[WhiteElo "1926"]
[BlackElo "1805"]
[PlyCount "68"]
[EventDate "2014.05.05"]
[WhiteTeam "North East England 2"]
[BlackTeam "Sussex Smart Survivors 2"]

1. d4 Nf6 2. Nf3 g6 3. c4 d6 4. Nc3 Bg7 5. Bg5 h6 6. Bh4 O-O 7. e3 Re8 8. Be2
Nbd7 9. O-O e5 10. Rc1 e4 11. Ne1 g5 12. Bg3 Nf8 13. Nc2 Bf5 14. d5 Ng6 15. Nd4
Bd7 16. b4 g4 17. c5 Bf8 18. cxd6 cxd6 19. Ndb5 Ne5 20. a4 a6 21. Na3 h5 22.
Qd4 Bg7 23. a5 Nh7 24. Qd2 f5 25. Nc4 Nxc4 26. Bxc4 Rc8 27. Ne2 Qf6 28. Nf4 h4
29. Nh5 Qh6 30. Bf4 Qxh5 31. Bxd6 Ng5 32. Bf4 h3 33. Rfd1 hxg2 34. d6+ Rxc4 0-1

[Event "4NCL Division 3"]
[Site "Daventry Court ENG"]
[Date "2014.05.05"]
[Round "11.53"]
[White "Woods, Timothy J"]
[Black "Robson, Paul E"]
[Result "0-1"]
[WhiteElo "1781"]
[BlackElo "1895"]
[PlyCount "74"]
[EventDate "2014.05.05"]
[WhiteTeam "Sussex Smart Survivors 2"]
[BlackTeam "North East England 2"]

1. e4 c5 2. Nf3 Nc6 3. d4 cxd4 4. Nxd4 g6 5. c4 Bg7 6. Be3 Nf6 7. Nc3 Ng4 8.
Qxg4 Nxd4 9. Qd1 Ne6 10. Qd2 Qa5 11. Rc1 b6 12. Be2 Bb7 13. f3 g5 14. O-O h5
15. Rfd1 d6 16. Nd5 Qxd2 17. Rxd2 Rc8 18. b4 Be5 19. a4 Rg8 20. a5 bxa5 21.
bxa5 Bxd5 22. exd5 Bf4 23. Bxf4 Nxf4 24. Bf1 Rc5 25. Rb1 Kd7 26. Rb7+ Rc7 27.
Rdb2 Rd8 28. a6 Ng6 29. Kf2 Rxb7 30. axb7 Rb8 31. c5 dxc5 32. Bb5+ Kc7 33. Ba6
Kd6 34. Rd2 Nf4 35. Ke3 Nxd5+ 36. Ke4 e6 37. Rb2 f5+ 0-1

[Event "4NCL Division 3"]
[Site "Daventry Court ENG"]
[Date "2014.05.05"]
[Round "11.59"]
[White "Taylor, John Paul J"]
[Black "Pozimski, Szymon"]
[Result "0-1"]
[WhiteElo "1934"]
[BlackElo "1786"]
[PlyCount "114"]
[EventDate "2014.05.05"]
[WhiteTeam "Bristol 2"]
[BlackTeam "Oxford 3"]

1. e4 b6 2. d4 Bb7 3. Nc3 e6 4. Nf3 Bb4 5. Bd3 Nf6 6. Qe2 d5 7. e5 Ne4 8. Bd2
Nxd2 9. Qxd2 Ba6 10. Bxa6 Nxa6 11. Qd3 Qc8 12. O-O Be7 13. Ne2 O-O 14. c3 c5
15. Nd2 cxd4 16. Nxd4 Nc5 17. Qg3 Kh8 18. f4 g6 19. Qh3 Nd7 20. Rf3 a6 21. Raf1
Nb8 22. Qh6 Rg8 23. Rh3 Rg7 24. Kh1 Nc6 25. N2f3 Nxd4 26. Nxd4 Qc4 27. Rhf3
Qxa2 28. R3f2 Qc4 29. g4 Bc5 30. f5 gxf5 31. gxf5 Bxd4 32. cxd4 Qxd4 33. fxe6
Qe4+ 34. Rf3 Rg6 35. Qf4 Qxf4 36. Rxf4 Rxe6 37. Rxf7 Rxe5 38. Rb7 b5 39. Rff7
Rg5 40. Rxh7+ Kg8 41. h4 Rg4 42. Kh2 Rd8 43. Kh3 Rg1 44. Kh2 Rg6 45. Rhd7 Rxd7
46. Rxd7 Rg4 47. Rxd5 Rxh4+ 48. Kg3 Rb4 49. Rd2 Kf7 50. Kf3 Ke6 51. Ke2 Ke5 52.
Kd1 Rd4 53. b3 Rxd2+ 54. Kxd2 Kd4 55. Kc2 b4 56. Kd2 a5 57. Kc2 Ke3 0-1

[Event "4NCL Division 3"]
[Site "Daventry Court ENG"]
[Date "2014.05.05"]
[Round "11.61"]
[White "Hardy, Roger"]
[Black "Langham, Rod E"]
[Result "1-0"]
[WhiteElo "1952"]
[BlackElo "1787"]
[PlyCount "41"]
[EventDate "2014.05.05"]
[WhiteTeam "Bristol 2"]
[BlackTeam "Oxford 3"]

1. d4 d5 2. c4 e6 3. Nc3 Nf6 4. cxd5 exd5 5. Qc2 c6 6. Bg5 Be7 7. e3 Nbd7 8.
Bd3 h6 9. Bh4 Nf8 10. Nge2 Bg4 11. f3 Bh5 12. Bxf6 Bxf6 13. Nf4 Bg6 14. Nxg6
fxg6 15. Bxg6+ Nxg6 16. Qxg6+ Kf8 17. O-O Qe7 18. Qd3 Qb4 19. a3 Qd6 20. e4
dxe4 21. fxe4 1-0

[Event "4NCL Division 3"]
[Site "Daventry Court ENG"]
[Date "2014.05.05"]
[Round "11.62"]
[White "Neatherway, A Philip"]
[Black "Wang, Alyssa"]
[Result "1/2-1/2"]
[WhiteElo "1858"]
[BlackElo "1596"]
[PlyCount "61"]
[EventDate "2014.05.05"]
[WhiteTeam "Oxford 3"]
[BlackTeam "Bristol 2"]

1. e4 c6 2. d4 d5 3. exd5 cxd5 4. Bd3 Nc6 5. c3 Qc7 6. h3 Nf6 7. Nf3 e6 8. O-O
Bd6 9. Re1 O-O 10. Nbd2 a6 11. a3 Bd7 12. c4 dxc4 13. Nxc4 Be7 14. Bg5 Nd5 15.
Bxe7 Ncxe7 16. Rc1 b5 17. Nce5 Qa7 18. Qd2 Rac8 19. Rxc8 Bxc8 20. Rc1 h6 21. g4
f6 22. Ng6 Nxg6 23. Bxg6 Ne7 24. Bb1 Qb7 25. Qf4 Nd5 26. Qe4 Ne7 27. Qh7+ Kf7
28. Be4 Qd7 29. Rc3 Qd8 30. Bc2 Bb7 31. Qd3 1/2-1/2

[Event "4NCL Division 3"]
[Site "Daventry Court ENG"]
[Date "2014.05.05"]
[Round "11.69"]
[White "Davison, Chris"]
[Black "Ogunshola, Ben"]
[Result "1/2-1/2"]
[WhiteElo "1922"]
[BlackElo "2159"]
[PlyCount "82"]
[EventDate "2014.05.05"]
[WhiteTeam "Iceni 2"]
[BlackTeam "The Pitstop"]

1. Nf3 Nf6 2. b3 e6 3. Bb2 b6 4. e3 Bb7 5. d4 Be7 6. Bd3 c5 7. O-O O-O 8. c4 d6
9. Nc3 h6 10. Qe2 Nbd7 11. Rad1 a6 12. Bb1 Qc7 13. Rfe1 Rfe8 14. Nd2 Bf8 15.
Nf1 Rac8 16. Qc2 b5 17. d5 exd5 18. Nxd5 Bxd5 19. Rxd5 g6 20. Rdd1 Re6 21. Ng3
Rce8 22. h4 h5 23. Ne2 Bh6 24. Nc3 b4 25. Nd5 Nxd5 26. cxd5 Re4 27. Qxe4 Rxe4
28. Bxe4 Qd8 29. g3 Bg7 30. Bxg7 Kxg7 31. f4 Qf6 32. Re2 Qc3 33. Rd3 Qc1+ 34.
Kg2 a5 35. Bf3 c4 36. bxc4 Qxc4 37. Rdd2 a4 38. e4 Qc3 39. Rc2 Qd3 40. Rcd2 Qc3
41. Rc2 Qd3 1/2-1/2

[Event "4NCL Division 3"]
[Site "Daventry Court ENG"]
[Date "2014.05.05"]
[Round "11.80"]
[White "Balouka-Myers, Reuben"]
[Black "Mulleady, Peter J"]
[Result "0-1"]
[WhiteElo "1534"]
[BlackElo "1900"]
[PlyCount "28"]
[EventDate "2014.05.05"]
[WhiteTeam "Barnet Knights 2"]
[BlackTeam "Manchester Manticores 2"]

1. e4 Nf6 2. e5 Nd5 3. c4 Nb6 4. d4 d6 5. f4 dxe5 6. fxe5 Nc6 7. Nf3 Bg4 8. Be3
e6 9. Be2 Bxf3 10. gxf3 Qh4+ 11. Bf2 Qh3 12. Bf1 Qh5 13. Nd2 O-O-O 14. Nb3 Bb4+
0-1

[Event "4NCL Division 3"]
[Site "Daventry Court ENG"]
[Date "2014.05.05"]
[Round "11.83"]
[White "Norris, Michael J"]
[Black "Sanitt, Ethan"]
[Result "1/2-1/2"]
[WhiteElo "1910"]
[BlackElo "1532"]
[PlyCount "47"]
[EventDate "2014.05.05"]
[WhiteTeam "Manchester Manticores 2"]
[BlackTeam "Barnet Knights 2"]

1. d4 d5 2. Nf3 Nf6 3. Bf4 c5 4. c3 Qb6 5. Qb3 c4 6. Qxb6 axb6 7. Nbd2 Bf5 8.
Nh4 Bc2 9. Bxb8 Rxb8 10. Rc1 Bg6 11. Nxg6 hxg6 12. e4 e6 13. exd5 exd5 14. Be2
Bd6 15. Nf1 Bf4 16. Rd1 Kd7 17. g3 Bd6 18. Ne3 Rbe8 19. Bf3 Kc6 20. O-O Ne4 21.
Rfe1 f5 22. Bg2 Re7 23. Re2 Ra8 24. a3 1/2-1/2

[Event "4NCL Division 3"]
[Site "Daventry Court ENG"]
[Date "2014.05.05"]
[Round "11.89"]
[White "Booley, Graham M"]
[Black "Ireland, David J"]
[Result "1/2-1/2"]
[WhiteElo "1812"]
[BlackElo "1895"]
[PlyCount "46"]
[EventDate "2014.05.05"]
[WhiteTeam "e2e4.org.uk 6"]
[BlackTeam "Throw in the Tal"]

1. e4 c5 2. Nc3 Nc6 3. g3 g6 4. Bg2 Bg7 5. d3 e6 6. Be3 d6 7. Qd2 a6 8. a4 Bd7
9. Nge2 Qa5 10. O-O Nge7 11. Rfc1 Nd4 12. Bf4 Qc7 13. Nxd4 cxd4 14. Ne2 Nc6 15.
Bh6 O-O 16. h4 Qb6 17. Bxg7 Kxg7 18. Nf4 h5 19. Nxh5+ gxh5 20. Qg5+ Kh8 21.
Qxh5+ Kg7 22. Qg5+ Kh8 23. Qh6+ Kg8 1/2-1/2

[Event "4NCL Division 3"]
[Site "Daventry Court ENG"]
[Date "2014.05.05"]
[Round "11.90"]
[White "Goodwin, Ed H"]
[Black "Homolka, Vincent O"]
[Result "1/2-1/2"]
[WhiteElo "1795"]
[BlackElo "1815"]
[PlyCount "92"]
[EventDate "2014.05.05"]
[WhiteTeam "Throw in the Tal"]
[BlackTeam "e2e4.org.uk 6"]

1. d4 d5 2. c4 e6 3. Nc3 c5 4. cxd5 exd5 5. Nf3 Nc6 6. g3 Nf6 7. Bg2 Be7 8. O-O
O-O 9. Bg5 c4 10. Rc1 Be6 11. Ne1 Qd7 12. Nc2 h6 13. Be3 Bh3 14. f3 Bxg2 15.
Kxg2 a6 16. a4 Na5 17. Bg1 Nb3 18. Rb1 b5 19. axb5 axb5 20. e3 Rfe8 21. Re1 b4
22. Ne2 Qc6 23. Rf1 Reb8 24. Bf2 Ra2 25. Nc1 Nxc1 26. Qxc1 b3 27. Ne1 Qa4 28.
e4 Ra8 29. e5 Nd7 30. f4 Bb4 31. f5 Ra1 32. Nf3 Rxb1 33. Qxb1 c3 34. bxc3 Bxc3
35. e6 Nf6 36. exf7+ Kxf7 37. Ne5+ Kg8 38. Qd3 Ne4 39. f6 gxf6 40. Ng4 Qc4 41.
Nxf6+ Nxf6 42. Qg6+ Kf8 43. Qxf6+ Kg8 44. Qg6+ Kh8 45. Qxh6+ Kg8 46. Qg6+ Kh8
1/2-1/2

[Event "4NCL Division 3"]
[Site "Daventry Court ENG"]
[Date "2014.05.05"]
[Round "11.91"]
[White "Smith, Peter K"]
[Black "Pink, Joshua"]
[Result "0-1"]
[WhiteElo "1724"]
[BlackElo "1820"]
[PlyCount "52"]
[EventDate "2014.05.05"]
[WhiteTeam "e2e4.org.uk 6"]
[BlackTeam "Throw in the Tal"]

1. e4 c6 2. d4 d5 3. e5 c5 4. dxc5 e6 5. Be3 Nh6 6. Nf3 Nf5 7. Qd2 Nc6 8. Bb5
Be7 9. Nd4 Bd7 10. Nxf5 exf5 11. Qxd5 Qa5+ 12. Nc3 Rd8 13. O-O O-O 14. Bxc6
Bxc6 15. Qc4 Qc7 16. f4 Kh8 17. Nb5 Qd7 18. Nd6 Bxd6 19. Rfd1 Bxc5 20. Rxd7
Bxe3+ 21. Kh1 Rxd7 22. h3 Rd2 23. Qb4 Bxg2+ 24. Kh2 Be4+ 25. Kg3 Rg2+ 26. Kh4
Bf2+ 0-1

[Event "4NCL Division 3"]
[Site "Daventry Court ENG"]
[Date "2014.03.22"]
[Round "7.55"]
[White "Martin, Andrew D"]
[Black "Lund, D Brett"]
[Result "1/2-1/2"]
[WhiteElo "2390"]
[BlackElo "2259"]
[PlyCount "67"]
[EventDate "2014.03.22"]
[WhiteTeam "Guildford 3"]
[BlackTeam "Spirit of Atticus A"]

1. Nf3 d6 2. d4 Bg4 3. e4 Nf6 4. Nc3 e6 5. h3 Bh5 6. Qe2 a6 7. g4 Bg6 8. h4 h5
9. g5 Nfd7 10. Be3 Be7 11. Bh3 b5 12. a3 Nb6 13. d5 e5 14. Nd2 N8d7 15. Nf1 Qb8
16. Ng3 Qb7 17. O-O c5 18. b3 f6 19. Bf5 Bxf5 20. Nxf5 g6 21. Ng7+ Kf7 22. Ne6
Nf8 23. Nxf8 Raxf8 24. f4 exf4 25. Bxf4 Kg7 26. a4 b4 27. Nd1 Nd7 28. Ne3 fxg5
29. hxg5 Rxf4 30. Rxf4 Bxg5 31. Rf2 Ne5 32. Rg2 Bxe3+ 33. Qxe3 Qe7 34. Rf1
1/2-1/2